00484nam a2200133Ia 4500008004100000100002500041245003500066260006900101300001100170650000900181856006800190999001900258952007300277160712s9999 xx 000 0 und d aVillasis, Enrique S. cEnrique S. VillasisaManansala c2014bLikhaan: The Journal of Contemporary Philippine Literature avol. 8 xTULA uhttp://journals.upd.edu.ph/index.php/lik/issue/view/538/showToc c297240d297240 001040aCLbCLd2016-07-12l0r2016-07-12 00:00:00w2016-07-12yFEJ